000 00311nam a2200133Ia 4500
008 150201s2009 xx 000 0 und d
082 _a610
_bM09P
100 _aPANDA,UN
245 _aMANUAL OF MEDICINE
250 _a2ND
260 _bAITBS
_aDELHI
_c2009
650 _aMEDICINE AND DIAGNOSIS
942 _2ddc
_cBK
_02
999 _c673
_d673